• 首页
  • 本馆介绍
  • 公告通知
  • 最新文献
  • 馆藏检索
  • 电子资源
  • 读者导购
  • 参考咨询
  • 我的图书馆
  • 登录
  • 详细信息显示
  • 放入我的书架
  • 预约/预借图书
  • 作者相关作品
  • 分类相关作品
  • 丛书相关作品
  • 出版社相关作品

书目信息

  • 表格格式
  • 工作单格式
  • 卡片格式
题名:
LNG利用研究论文集
    
 
作者: 华贲 主编
分册:  
出版信息: 北京   石油工业出版社  2007.11
页数: 177页
开本: 26cm
丛书名:
单 册:
中图分类: TE64-53
科图分类:
主题词: 天然气工业:加工工业
电子资源:
ISBN: 978-7-5021-6294-8
000 00560nam0 2200193 450
001 0953288860
005 20091217144857.70
010    @a978-7-5021-6294-8@dCNY38.00
100    @a20091217d2007 km y0chiy0120 ea
101 0  @achi
102    @aCN@b110000
200 1  @aLNG利用研究论文集@ALNG li yong yan jiu lun wen ji@f华贲主编@Fhua ben zhu bian
210    @a北京@c石油工业出版社@d2007.11
215    @a177页@d26cm
606 0  @a天然气工业:加工工业
690    @aTE64-53@v4
701  0 @a华贲@Ahua ben@4主编
801  0 @aCN@bNISOFT@c20091217
905    @aBZT@dTE64-53@e1
    
    LNG利用研究论文集/华贲主编.-北京:石油工业出版社,2007.11
    177页;26cm
    
    
    ISBN 978-7-5021-6294-8:CNY38.00
    
●
相关链接 在五车中查询图书 在当当中查询图书 在豆瓣中查询图书


正题名:LNG利用研究论文集     索取号:TE64-53/1         预约/预借

序号 登录号 条形码 馆藏地/架位号 状态 备注
1 728563   2000728563   样本书库/样004架B面3层1列/ [索取号:TE64-53/1] 在馆    
2 728564   2000728564   中心书库中库/ 中库030架B面5列4层17/ [索取号:TE64-53/1] 在馆    
3 728565   2000728565   中心书库中库/ 中库030架B面5列4层16/ [索取号:TE64-53/1] 在馆    
4 728566   2000728566   中心书库中库/ 中库030架B面5列4层26/ [索取号:TE64-53/1] 在馆    
5 728567   2000728567   中心书库中库/ 中库030架B面5列4层15/ [索取号:TE64-53/1] 在馆    
山东省滨州职业学院图书馆 欢迎您!
大连网信软件有限公司© 版权所有